[Event "World Rapid Women 2025"]
[Site "Doha QAT"]
[Date "2025.12.28"]
[Round "10.46"]
[White "Jarocka, Liwia"]
[Black "Fataliyeva, Ulviyya"]
[Result "1-0"]
[WhiteTitle "FM"]
[BlackTitle "IM"]
[WhiteElo "2258"]
[BlackElo "2434"]
[WhiteFideId "21807558"]
[BlackFideId "13403052"]
[EventDate "2025.12.26"]

1. e4 c6 2. d4 d5 3. e5 Bf5 4. h4 h5 5. c4 e6 6. Nc3 dxc4 7. Bxc4 Nd7 8. Bb3 Ne7
9. Nge2 Ng6 10. Ng3 Nxh4 11. Nxf5 Nxf5 12. g4 Nh4 13. gxh5 Nf5 14. Qg4 Qb6 15.
Be3 Qb4 16. Rg1 O-O-O 17. O-O-O Nb6 18. Rd3 a5 19. Nd1 a4 20. a3 Qb5 21. Bc2 Nc4
22. Rc3 Nfxe3 23. fxe3 Nb6 24. Qf3 Rd7 25. Rd3 Kb8 26. Nc3 Qc4 27. Rgd1 Be7 28.
Bb1 Rf8 29. Ba2 Qa6 30. Kb1 Nd5 31. e4 Nxc3+ 32. Rxc3 Rfd8 33. Rcd3 Qb6 34. d5
cxd5 35. exd5 exd5 36. Bxd5 Bc5 37. Ka1 Qc7 38. Qf4 Qa5 39. e6+ Bd6 40. Qd2 Qxd2
41. R3xd2 Re7 42. Bc4 Kc7 43. exf7 Red7 44. Be6 Re7 45. Rxd6 1-0

[Event "World Rapid Women 2025"]
[Site "Doha QAT"]
[Date "2025.12.28"]
[Round "10.47"]
[White "Zhurova, Anna"]
[Black "Zherebtsova, Alexandra"]
[Result "1/2-1/2"]
[WhiteTitle "WFM"]
[BlackTitle "FM"]
[WhiteElo "2299"]
[BlackElo "2307"]
[WhiteFideId "54113075"]
[BlackFideId "24129518"]
[EventDate "2025.12.26"]

1. e4 e5 2. Nf3 Nc6 3. Bb5 a6 4. Ba4 Nf6 5. O-O Be7 6. d3 b5 7. Bb3 d6 8. a3 O-O
9. Nc3 Be6 10. Nd5 Na5 11. Ba2 c6 12. Nxe7+ Qxe7 13. b4 Nb7 14. c3 a5 15. Re1
axb4 16. cxb4 c5 17. Bxe6 Qxe6 18. Rb1 Rfb8 19. Nh4 cxb4 20. Rxb4 Na5 21. d4 Nc4
22. Nf5 g6 23. d5 Qe8 24. Bg5 Nh5 25. Ne7+ Kg7 26. Nc6 Rb6 27. Be3 Rba6 28. Rxb5
Rxa3 29. Bc1 Ra1 30. Qe2 R1a4 31. h3 Nf4 32. Bxf4 exf4 33. Qf3 Ne5 34. Nxe5 Qxe5
35. Rb7 R8a7 1/2-1/2

[Event "World Rapid Women 2025"]
[Site "Doha QAT"]
[Date "2025.12.28"]
[Round "10.48"]
[White "Kulon, Klaudia"]
[Black "Wang, Chuqiao"]
[Result "1-0"]
[WhiteTitle "IM"]
[BlackTitle "WIM"]
[WhiteElo "2335"]
[BlackElo "2235"]
[WhiteFideId "1131044"]
[BlackFideId "8631638"]
[EventDate "2025.12.26"]

1. c4 e6 2. e3 d5 3. Nf3 Nf6 4. b3 Be7 5. Bb2 O-O 6. Nc3 b6 7. Qc2 Bb7 8. cxd5
exd5 9. d4 Nbd7 10. Bd3 c5 11. O-O Rc8 12. Rfd1 Re8 13. dxc5 bxc5 14. Bf5 g6 15.
Bh3 Qc7 16. Rac1 Rcd8 17. Ba1 Nb6 18. Nb5 Qc6 19. Nxa7 Qc7 20. Be5 Rd6 21. Nb5
Qd8 22. Nxd6 Bxd6 23. Bxd6 Qxd6 24. Qxc5 Qxc5 25. Rxc5 Ra8 26. Rb5 Ra6 27. Rc1
Ne4 28. a4 Nd6 29. Rb4 Kg7 30. Rc7 d4 31. Nxd4 Ba8 32. Ne6+ Kf6 33. Nc5 Ra5 34.
Rxb6 Ke5 35. b4 Ne8 36. Re7+ 1-0

[Event "World Rapid Women 2025"]
[Site "Doha QAT"]
[Date "2025.12.28"]
[Round "10.49"]
[White "Mamedjarova, Zeinab"]
[Black "Karimova, Guldona"]
[Result "1-0"]
[WhiteTitle "WGM"]
[BlackTitle "WIM"]
[WhiteElo "2155"]
[BlackElo "2288"]
[WhiteFideId "13401521"]
[BlackFideId "14210410"]
[EventDate "2025.12.26"]

1. d4 Nf6 2. Nf3 e6 3. Bf4 c5 4. e3 Nc6 5. c3 d5 6. Nbd2 h6 7. Bd3 Bd6 8. Bg3
cxd4 9. exd4 Qc7 10. O-O O-O 11. Re1 Bxg3 12. hxg3 a6 13. a4 Rb8 14. Qe2 Re8 15.
Ne5 Nxe5 16. dxe5 Nd7 17. g4 Nf8 18. Nf3 Qe7 19. g3 Bd7 20. Kg2 b5 21. Rh1 bxa4
22. g5 hxg5 23. Rh5 f5 24. exf6 gxf6 25. Nxg5 fxg5 26. Qe5 Kf7 27. Rah1 Rec8 28.
Rh7+ Ke8 29. Rxe7+ Kxe7 30. Qxg5+ Kd6 31. Qf4+ e5 32. Qf6+ Ne6 33. Rh7 Re8 34.
Rh5 Kc6 35. Qxe5 Nc7 36. Rh6+ Kb7 37. Qd6 Ra8 38. Qxd7 1-0

[Event "World Rapid Women 2025"]
[Site "Doha QAT"]
[Date "2025.12.28"]
[Round "10.50"]
[White "Nandhidhaa, P V"]
[Black "Ismayil, Malak"]
[Result "1-0"]
[WhiteTitle "WGM"]
[BlackTitle "WIM"]
[WhiteElo "2257"]
[BlackElo "2138"]
[WhiteFideId "5050847"]
[BlackFideId "13412604"]
[EventDate "2025.12.26"]

1. Nf3 Nf6 2. g3 g6 3. Bg2 Bg7 4. O-O d5 5. d4 O-O 6. c3 c6 7. Nbd2 Nbd7 8. Qb3
Re8 9. e4 dxe4 10. Ng5 Rf8 11. Ndxe4 Nxe4 12. Nxe4 Nf6 13. Nc5 Qb6 14. Re1 e6
15. Bg5 Nd7 16. Nd3 c5 17. dxc5 Qa6 18. Rad1 Re8 19. Be3 Qa5 20. Qc4 Qc7 21. b4
Nb6 22. Qb5 Nd7 23. Bd4 a6 24. Qa4 e5 25. c6 Re6 26. cxb7 Bxb7 27. Bxb7 Qxb7 28.
Nc5 Nxc5 29. Bxc5 h5 30. Qd7 Qb8 31. Rd6 Re8 32. Rb6 Qd8 33. Rd1 Qg5 34. h4 Qh6
35. Rb7 Rf8 36. Bxf8 Rxf8 37. Qd2 Qh7 38. c4 Bh6 39. Qe2 Qg7 40. c5 Qf6 41. Qe4
Rd8 42. Rbd7 Rxd7 43. Rxd7 Qe6 44. Rd8+ Kh7 45. Qd5 Qf5 46. c6 g5 47. hxg5 Qxg5
48. Qxf7+ Bg7 49. Qg8+ Kg6 50. Rd6+ Kf5 51. Qe6+ Ke4 52. Qd5+ 1-0

[Event "World Rapid Women 2025"]
[Site "Doha QAT"]
[Date "2025.12.28"]
[Round "10.51"]
[White "Wafa, Shahenda"]
[Black "Yakimova, Mariya"]
[Result "1/2-1/2"]
[WhiteTitle "WGM"]
[BlackTitle "WFM"]
[WhiteElo "2074"]
[BlackElo "2241"]
[WhiteFideId "10609962"]
[BlackFideId "34188859"]
[EventDate "2025.12.26"]

1. e4 c5 2. Nf3 d6 3. d4 cxd4 4. Nxd4 Nf6 5. Nc3 Nc6 6. Bg5 Bd7 7. Qd2 a6 8.
O-O-O e6 9. f3 Be7 10. h4 Qc7 11. h5 h6 12. Be3 Nxd4 13. Qxd4 b5 14. g4 Rb8 15.
Qd2 b4 16. Ne2 a5 17. Nd4 a4 18. Kb1 O-O 19. g5 hxg5 20. Bxg5 e5 21. Nf5 Bxf5
22. exf5 b3 23. cxb3 axb3 24. a3 Ne4 25. fxe4 Bxg5 26. Qg2 Rfc8 27. Bd3 Bh6 28.
f6 Rb6 29. Qf1 Rc6 30. Rg1 Kh8 31. Ka1 Bc1 32. fxg7+ Kg8 33. h6 Bxh6 34. Qh3
Bxg7 35. Rxg7+ Kxg7 36. Rg1+ Kf8 37. Qh6+ Ke7 38. Qh4+ Kf8 39. Qh8+ Ke7 40. Qh4+
Kf8 41. Qh6+ Ke7 42. Qg5+ Kf8 43. Qg7+ Ke7 44. Qg5+ 1/2-1/2

[Event "World Rapid Women 2025"]
[Site "Doha QAT"]
[Date "2025.12.28"]
[Round "10.52"]
[White "Khalilova, Madinabonu"]
[Black "Charkhalashvili, Inga"]
[Result "1-0"]
[WhiteTitle "WCM"]
[BlackTitle "WGM"]
[WhiteElo "2241"]
[BlackElo "2235"]
[WhiteFideId "14223422"]
[BlackFideId "13601431"]
[EventDate "2025.12.26"]

1. d4 Nf6 2. c4 e6 3. g3 d5 4. Nf3 c6 5. Qc2 Bb4+ 6. Bd2 Be7 7. Bg2 O-O 8. O-O
Nbd7 9. Bf4 dxc4 10. Qxc4 Nd5 11. Bd2 c5 12. dxc5 Nxc5 13. Nc3 Nb6 14. Qf4 Bd6
15. Qg5 Nc4 16. b3 f6 17. Qh5 g6 18. Qh6 Ne5 19. Nxe5 Bxe5 20. Rad1 Qe7 21. b4
Nd7 22. Qh4 a5 23. Nb5 a4 24. a3 Ra6 25. Be3 Rc6 26. Bxc6 bxc6 27. Nd4 Bb7 28.
Nf3 Bb2 29. Qc4 c5 30. bxc5 Rc8 31. Qb5 1-0

[Event "World Rapid Women 2025"]
[Site "Doha QAT"]
[Date "2025.12.28"]
[Round "10.53"]
[White "Aydin, Gulenay"]
[Black "Gong, Qianyun"]
[Result "1-0"]
[WhiteTitle "WIM"]
[BlackTitle "WGM"]
[WhiteElo "2259"]
[BlackElo "2228"]
[WhiteFideId "34557431"]
[BlackFideId "8602425"]
[EventDate "2025.12.26"]

1. e4 e5 2. Nf3 Nc6 3. Nc3 Nf6 4. d4 exd4 5. Nxd4 Bb4 6. Nxc6 bxc6 7. Bd3 d5 8.
exd5 O-O 9. O-O Bg4 10. Ne2 cxd5 11. h3 Bh5 12. c3 Bd6 13. Qc2 Bg6 14. Bg5 c5
15. Rad1 Bc7 16. Bxg6 fxg6 17. Nf4 Qd6 18. g3 Qd7 19. Kg2 Qc6 20. Qd3 d4+ 21. f3
Bxf4 22. Bxf4 Nd5 23. Bc1 Rad8 24. cxd4 cxd4 25. Kg1 Qc7 26. Kh2 Ne7 27. Bg5 Nf5
28. Bf4 Qa5 29. Qc4+ Kh8 30. g4 Ne3 31. Bxe3 dxe3 32. Rfe1 Qe5+ 33. Kg2 Qxb2+
34. Re2 Qb6 35. Rde1 Rde8 36. Qc3 Qa6 37. a3 Rc8 38. Qxe3 h6 39. h4 Qa5 40. Rd1
Rf6 41. g5 Rf7 42. gxh6 Qh5 43. hxg7+ Kh7 44. Rd4 Rg8 45. Rg4 Qd5 46. Qe4 Qd6
47. h5 Rfxg7 48. Kf1 Qd1+ 49. Re1 Qb3 50. Rh4 Qb5+ 51. Re2 Rf8 52. hxg6+ Kg8 53.
Qe6+ 1-0

[Event "World Rapid Women 2025"]
[Site "Doha QAT"]
[Date "2025.12.28"]
[Round "10.54"]
[White "Rouda Essa, Alserkal"]
[Black "Serikbay, Assel"]
[Result "1-0"]
[WhiteTitle "WGM"]
[BlackTitle "WIM"]
[WhiteElo "2052"]
[BlackElo "2221"]
[WhiteFideId "9314318"]
[BlackFideId "13706799"]
[EventDate "2025.12.26"]

1. e4 c5 2. Nf3 e6 3. d4 cxd4 4. Nxd4 a6 5. Bd3 Bc5 6. Nb3 Ba7 7. Qg4 Nf6 8. Qe2
d6 9. Be3 Nc6 10. O-O e5 11. Nc3 Bxe3 12. Qxe3 O-O 13. Rad1 Be6 14. Be2 Qc7 15.
f4 exf4 16. Qxf4 Ne5 17. Nd4 Rad8 18. Kh1 b5 19. Qg3 Ng6 20. a3 Qc5 21. Nf5 Bxf5
22. Rxf5 Nxe4 23. Qf3 Nh4 24. Qxe4 Nxf5 25. Rd5 Qe3 26. Qxf5 Rfe8 27. Rd1 Re5
28. Qg4 h5 29. Qf3 Qxf3 30. gxf3 g6 31. Kg2 Kf8 32. Kf2 g5 33. Nd5 h4 34. Rd2
Re6 35. Nc7 Re5 36. Nxa6 Ke7 37. Nb4 Rc8 38. Nd5+ Ke6 39. Nc3 Rb8 40. Ne4 Rb6
41. h3 Ke7 42. Nc3 Ke6 43. b3 f5 44. f4 gxf4 45. Kf3 Re3+ 46. Kxf4 Rxc3 47. Bd3
Rc5 48. Rg2 Kf6 49. Rg8 Rb7 50. Rd8 Rd5 51. Rh8 Re7 52. Rf8+ Rf7 53. Rxf7+ Kxf7
54. a4 Kf6 55. Bxb5 Rd2 56. a5 Rxc2 57. a6 Rc7 58. Bc4 Kg6 59. Bd5 Ra7 60. Bb7
Kf6 61. b4 Ke7 62. b5 Kd7 63. b6 1-0

[Event "World Rapid Women 2025"]
[Site "Doha QAT"]
[Date "2025.12.28"]
[Round "10.55"]
[White "Iudina, Veronika"]
[Black "Luong Phuong Hanh"]
[Result "0-1"]
[WhiteTitle "WFM"]
[BlackTitle "WIM"]
[WhiteElo "2204"]
[BlackElo "2236"]
[WhiteFideId "24277916"]
[BlackFideId "12401013"]
[EventDate "2025.12.26"]

1. e4 c5 2. c3 Nf6 3. e5 Nd5 4. Bc4 Nb6 5. Bb3 d5 6. exd6 Qxd6 7. Na3 a6 8. Nf3
Bf5 9. d4 e6 10. Be3 N8d7 11. Qe2 Qc7 12. d5 c4 13. Nxc4 Nxd5 14. Rd1 Be7 15.
Bg5 N7f6 16. Nd4 O-O 17. Nxf5 exf5 18. O-O Rfe8 19. Bxf6 Nxf6 20. Qf3 g6 21. h3
Bc5 22. Rd3 Ne4 23. Nd2 Qe7 24. Kh2 Qe5+ 25. g3 Re7 26. Rd5 Qxd5 27. Bxd5 Nxd2
28. Qd1 Nxf1+ 29. Qxf1 Rae8 30. Bc4 b5 31. Bd3 Re1 32. Qg2 f4 33. gxf4 Bd6 34.
Qg3 Rd1 35. Qf3 Rd2 36. b4 Rxa2 37. Kg2 Rd2 38. f5 Bf8 39. c4 Rd8 40. Bf1 Bxb4
41. fxg6 hxg6 42. Qc6 R8d6 43. Qe8+ Kg7 44. cxb5 Rf6 45. bxa6 Rdxf2+ 46. Kg3
Bd6+ 47. Kg4 R2f4+ 48. Kg3 Re4+ 0-1

[Event "World Rapid Women 2025"]
[Site "Doha QAT"]
[Date "2025.12.28"]
[Round "10.56"]
[White "Rodriguez Redondo, Adhara"]
[Black "Olde, Margareth"]
[Result "1-0"]
[WhiteTitle "WFM"]
[BlackTitle "WIM"]
[WhiteElo "2207"]
[BlackElo "2214"]
[WhiteFideId "32065698"]
[BlackFideId "4503082"]
[EventDate "2025.12.26"]

1. e4 d6 2. d4 Nf6 3. Nc3 e5 4. Nf3 Nbd7 5. Bc4 Be7 6. O-O O-O 7. a4 c6 8. Ba2
h6 9. h3 Re8 10. a5 exd4 11. Qxd4 Bf8 12. Re1 Nc5 13. b4 Ne6 14. Qd3 Nh5 15. Ne2
Qf6 16. Rb1 Ng5 17. Nxg5 hxg5 18. Bb2 Qg6 19. Nd4 g4 20. hxg4 Qxg4 21. Qf3 Qg6
22. Nf5 Nf6 23. Bxf6 Qxf6 24. Nh6+ Kh7 25. Nxf7 Qxf3 26. Ng5+ Kg6 27. Nxf3 Bg4
28. Nd4 Be7 29. c3 Bg5 30. f3 Bd7 31. Rbd1 Bh4 32. Re2 Bg3 33. Red2 Bf4 34. Rd3
d5 35. Ne2 Bc7 36. Kf2 Re7 37. exd5 cxd5 38. Bxd5 Bf5 39. Re3 Rxe3 40. Kxe3 Re8+
41. Kf2 b6 42. a6 b5 43. Nd4 Bb6 44. Bc6 Rc8 45. Bxb5 Rxc3 46. Kf1 Ra3 47. Nxf5
Kxf5 48. Bd7+ Kf4 49. Bb5 Ra2 50. Be2 Kg3 51. Rd5 Ra1+ 52. Bd1 Kf4 53. Ke2 Rxa6
54. g4 Ra2+ 55. Kd3 Ra3+ 56. Kc4 g6 57. Rd6 Kg5 58. Bb3 Ra1 59. Bc2 Kf4 60. Rf6+
Ke5 61. Rxg6 Rc1 62. Kb3 Be3 63. Be4 Rf1 64. Kc4 Rc1+ 65. Kb3 Rf1 66. Rg8 Bd2
67. g5 Rg1 68. g6 Bh6 69. Re8+ Kf6 70. Rc8 Ra1 71. Rc6+ Kg7 72. Rc7+ Kf8 73. Rb7
Ra6 74. Kc4 Bg7 75. Kd5 Bc3 76. b5 Rb6 77. Rf7+ Kg8 78. Kc4 1-0

[Event "World Rapid Women 2025"]
[Site "Doha QAT"]
[Date "2025.12.28"]
[Round "10.57"]
[White "Charvi A"]
[Black "Nguyen Hong Nhung"]
[Result "0-1"]
[WhiteTitle "WFM"]
[BlackTitle "FM"]
[WhiteElo "2270"]
[BlackElo "2268"]
[WhiteFideId "25165518"]
[BlackFideId "12412201"]
[EventDate "2025.12.26"]

1. e4 c5 2. Nf3 e6 3. d4 cxd4 4. Nxd4 Nf6 5. Bd3 Nc6 6. Nxc6 bxc6 7. O-O d5 8.
Nd2 Be7 9. b3 O-O 10. Bb2 a5 11. Qf3 Re8 12. h3 Bb7 13. Rad1 a4 14. c4 axb3 15.
axb3 Ra2 16. Bxf6 Bxf6 17. cxd5 cxd5 18. exd5 exd5 19. Bb1 Ra8 20. Nc4 Rb8 21.
Qg3 Ba6 22. Qd3 g6 23. Qxd5 Qxd5 24. Rxd5 Rxb3 25. Nd6 Re5 26. Ba2 Rxd5 27. Ne4
Bxf1 28. Nxf6+ Kg7 29. Nxd5 Rb2 30. Kxf1 Rxa2 31. Ne3 f5 32. g3 Kf6 33. Kg2 Ke5
34. Kf3 Ra3 35. Ke2 Rb3 36. Nc4+ Kd4 37. Nd6 f4 38. gxf4 Rxh3 39. f5 gxf5 40.
Nxf5+ Ke5 41. Ng3 Kf4 42. Kf1 Rh6 43. Kg2 Rg6 44. Kf1 Kf3 45. Nf5 Rg4 46. Ne3
Ra4 47. Nc2 h5 48. Ne1+ Kg4 49. Kg2 Rc4 50. Nf3 Rc3 51. Ne5+ Kf4 52. Ng6+ Kf5
53. Ne7+ Ke4 54. Ng6 Ra3 55. Nh4 Kf4 56. Ng6+ Kg5 57. Ne5 h4 58. Nf3+ Kh5 59.
Ne1 h3+ 60. Kh2 Kh4 61. Kg1 Ra1 62. Kf1 Rxe1+ 0-1

[Event "World Rapid Women 2025"]
[Site "Doha QAT"]
[Date "2025.12.28"]
[Round "10.58"]
[White "Druzhinina, Olga"]
[Black "Nguyen Hong Anh"]
[Result "0-1"]
[WhiteTitle "WFM"]
[BlackTitle "WIM"]
[WhiteElo "2175"]
[BlackElo "2010"]
[WhiteFideId "4141911"]
[BlackFideId "12406732"]
[EventDate "2025.12.26"]

1. e4 c5 2. Nf3 Nc6 3. Bb5 Nf6 4. e5 Nd5 5. O-O g6 6. Nc3 Nc7 7. Bxc6 dxc6 8.
Ne4 b6 9. Re1 Be6 10. d3 Bg7 11. Bd2 O-O 12. h3 Bd5 13. a4 Ne6 14. b3 Qc7 15.
Bc3 Rad8 16. Qc1 f6 17. exf6 exf6 18. Qb2 Qf7 19. h4 h6 20. Rad1 f5 21. Ned2 Nd4
22. Ne5 Qf6 23. Bxd4 cxd4 24. Ndf3 c5 25. b4 Rfe8 26. bxc5 bxc5 27. Qb5 Qd6 28.
Nc4 Qc6 29. Nfe5 Qxb5 30. axb5 Re6 31. f4 Rb8 32. Ra1 Rb7 33. Nc6 Rxe1+ 34. Rxe1
Bf6 35. g3 Rxb5 36. Re8+ Kf7 37. Nd6+ Kg7 38. Nxb5 Bxc6 39. Rb8 a6 40. Nc7 Ba4
41. Rb7 Kf8 42. Ne6+ Ke8 43. Nxc5 Bxc2 44. Nxa6 Bxd3 45. Nc5 Bc2 46. Kf2 d3 47.
Ke3 Bd4+ 48. Kd2 Bxc5 49. Rg7 Bb4+ 50. Kc1 Ba4 0-1

[Event "World Rapid Women 2025"]
[Site "Doha QAT"]
[Date "2025.12.28"]
[Round "10.59"]
[White "Khalil, Manar"]
[Black "Mikheeva, Galina"]
[Result "0-1"]
[WhiteTitle "WFM"]
[BlackTitle "FM"]
[WhiteElo "1925"]
[BlackElo "2122"]
[WhiteFideId "7604661"]
[BlackFideId "44108320"]
[EventDate "2025.12.26"]

1. e4 e5 2. Nf3 Nc6 3. d4 exd4 4. Nxd4 Nf6 5. Nxc6 bxc6 6. Bd3 d5 7. e5 Ng4 8.
Bf4 Bc5 9. O-O g5 10. Bg3 h5 11. Be2 Be6 12. Nc3 a5 13. h3 h4 14. Bxg4 hxg3 15.
Bxe6 gxf2+ 16. Kh2 fxe6 17. Qd3 Qe7 18. Qg6+ Kd7 19. Rad1 Rag8 20. Qd3 Ke8 21.
Ne2 g4 22. c3 Qg5 23. Ng3 gxh3 24. gxh3 Be3 0-1

[Event "World Rapid Women 2025"]
[Site "Doha QAT"]
[Date "2025.12.28"]
[Round "10.60"]
[White "Gaal, Zsoka"]
[Black "Jimenez Fernandez, Rebeca"]
[Result "1-0"]
[WhiteTitle "IM"]
[BlackTitle "WFM"]
[WhiteElo "2374"]
[BlackElo "2137"]
[WhiteFideId "777765"]
[BlackFideId "32070934"]
[EventDate "2025.12.26"]

1. d4 Nf6 2. c4 e6 3. Nc3 Bb4 4. Nf3 b6 5. Qb3 c5 6. Bg5 Bb7 7. a3 Bxc3+ 8. Qxc3
h6 9. Bh4 g5 10. Bg3 Ne4 11. Qd3 f5 12. e3 O-O 13. d5 exd5 14. cxd5 d6 15. Nd2
Qe7 16. Nxe4 fxe4 17. Qd2 Nd7 18. h4 g4 19. h5 Nf6 20. Bc4 a6 21. Bh4 Qf7 22.
O-O-O b5 23. Ba2 c4 24. Qe2 Kh8 25. Rd4 Rac8 26. Qd2 Rc5 27. Qc3 Kh7 28. Bb1 Kg8
29. Bxf6 Qxf6 30. Rxe4 Rxd5 31. Rxg4+ Rg5 32. Qxf6 Rxf6 33. Rxg5+ hxg5 34. f3
Kg7 35. Bg6 Kh6 36. e4 d5 37. exd5 Bxd5 38. Re1 g4 39. fxg4 Bxg2 40. Re5 Rf1+
41. Kd2 Rf2+ 42. Kc3 Rf3+ 43. Kb4 Rg3 44. Re6 Kg5 45. Bf5 Rb3+ 46. Ka5 Rxb2 47.
h6 Bd5 48. h7 Bxe6 49. h8=Q 1-0

[Event "World Rapid Women 2025"]
[Site "Doha QAT"]
[Date "2025.12.28"]
[Round "10.61"]
[White "Bayasgalan, Khishigbaatar"]
[Black "Dwilewicz, Katarzyna"]
[Result "1-0"]
[WhiteTitle "WCM"]
[BlackTitle "WFM"]
[WhiteElo "2249"]
[BlackElo "2185"]
[WhiteFideId "4904311"]
[BlackFideId "1148486"]
[EventDate "2025.12.26"]

1. d4 Nf6 2. c4 e6 3. Nf3 d5 4. g3 Bb4+ 5. Nbd2 dxc4 6. Bg2 c5 7. dxc5 Bxc5 8.
O-O c3 9. bxc3 O-O 10. Nb3 Bb6 11. Qc2 Nc6 12. Rd1 Bd7 13. Bg5 Qe7 14. Bxf6 gxf6
15. e3 Rac8 16. Nc1 Rfd8 17. Ne2 f5 18. Nf4 f6 19. Qb2 Na5 20. Nd4 Ba4 21. Rdc1
Nc4 22. Qe2 Rd6 23. Nfxe6 Kh8 24. Nf4 Qe5 25. Qh5 Be8 26. Qxf5 Qxf5 27. Nxf5 Rd2
28. Nd4 Ba4 29. Nd5 Ba5 30. Nb3 Rxa2 31. Nxa5 Nxa5 32. Rxa2 b5 33. Nxf6 Nb3 34.
Re1 Rxc3 35. e4 Nd4 36. e5 Ne6 37. Bd5 Ng5 38. e6 Kg7 39. e7 Nh3+ 40. Kg2 1-0

[Event "World Rapid Women 2025"]
[Site "Doha QAT"]
[Date "2025.12.28"]
[Round "10.62"]
[White "Miranda Rodriguez, Tania"]
[Black "Jiang, Tianyu"]
[Result "0-1"]
[WhiteTitle "WIM"]
[WhiteElo "2051"]
[BlackElo "2224"]
[WhiteFideId "3510417"]
[BlackFideId "8627215"]
[EventDate "2025.12.26"]

1. e4 c5 2. Nf3 e6 3. d4 cxd4 4. Nxd4 a6 5. Nc3 b5 6. Bd3 Bb7 7. O-O Nc6 8. Nxc6
Bxc6 9. Re1 Qb8 10. a4 bxa4 11. Nxa4 Bd6 12. h3 Ne7 13. b3 O-O 14. Bb2 Ng6 15.
e5 Be7 16. Be4 Qb7 17. Qd4 Rad8 18. Bxc6 Qxc6 19. Qe4 Qc7 20. Nc3 Ra8 21. Ra4
Qb6 22. Rd1 Bc5 23. Rd2 Qa7 24. Ba3 Bxa3 25. Rxa3 Qc5 26. b4 Qxe5 27. Rxd7 Qg5
28. Ne2 h5 29. Rg3 Qf6 30. Nd4 h4 31. Rf3 Qg5 32. Rfxf7 Rxf7 33. Rxf7 Kxf7 34.
Qxa8 Qc1+ 35. Kh2 Qf4+ 36. Kg1 Qxd4 37. Qb7+ Kf6 38. Qxa6 Qxb4 39. Qa1+ Kf7 40.
c3 Qe4 41. Qa7+ Kf6 42. Qd4+ Qxd4 43. cxd4 Ne7 44. g3 hxg3 45. fxg3 Nf5 46. Kf2
Nxd4 47. g4 Kg5 48. Kg3 Ne2+ 49. Kf2 Nf4 50. Kg3 Nxh3 51. Kxh3 Kf4 52. Kh4 g5+ 0-1

[Event "World Rapid Women 2025"]
[Site "Doha QAT"]
[Date "2025.12.28"]
[Round "10.63"]
[White "Machlik, Monika"]
[Black "Sawan, Eman"]
[Result "1/2-1/2"]
[BlackTitle "WFM"]
[WhiteElo "2084"]
[BlackElo "1960"]
[WhiteFideId "1513621"]
[BlackFideId "11511729"]
[EventDate "2025.12.26"]

1. d4 Nf6 2. c4 g6 3. Nc3 Bg7 4. g3 O-O 5. Bg2 d6 6. Nf3 c5 7. d5 e6 8. O-O Re8
9. Nd2 exd5 10. cxd5 Bd7 11. Nc4 Qc7 12. Bf4 Bf8 13. a4 Na6 14. e4 Nh5 15. Be3
Nb4 16. f4 Bg7 17. Bf3 Bh3 18. Rf2 Nf6 19. Nb5 Qd7 20. Nbxd6 Ng4 21. Bxg4 Bxg4
22. Qb3 b6 23. Nxe8 Rxe8 24. Ne5 Bxe5 25. fxe5 Rxe5 26. Raf1 f5 27. exf5 Qxd5
28. Qc3 Bxf5 29. Bf4 Re4 30. Bh6 Qd4 31. Kh1 Qxc3 32. bxc3 Nd3 33. Rf3 c4 34.
Re3 Ne5 35. Rxe4 Bxe4+ 36. Kg1 Nf3+ 37. Kf2 Nxh2 38. Re1 Ng4+ 39. Kg1 Bc6 40.
Bf4 Kf7 41. Bb8 a6 42. Ba7 Bxa4 43. Bxb6 Nf6 44. Bd4 Nd5 45. Re5 Bc6 46. Re1 a5
47. Kf2 a4 48. Rb1 h5 49. Ke2 g5 50. Kd2 Kg6 51. Rf1 h4 52. gxh4 gxh4 53. Bc5 h3
54. Bd6 Nf6 55. Rg1+ Kf5 56. Bb8 Ng4 57. Rf1+ Kg5 58. Rg1 Kh4 59. Bg3+ Kh5 60.
Re1 h2 61. Bxh2 Nxh2 62. Re5+ Kg4 63. Rc5 Nf3+ 64. Ke3 Bb7 65. Rxc4+ Kf5 66.
Rxa4 Ne5 67. Rb4 Bd5 68. Rb5 Ke6 69. Rb6+ Nc6 70. Kd3 Kd6 71. Rb2 Kc5 72. Rh2
Bc4+ 73. Kc2 Bd5 74. Rh5 Na5 75. Kd3 Kd6 76. Rh6+ Kc5 77. Rh5 Kd6 78. Kd4 Nc6+
79. Ke3 Na5 80. Rh8 Nc6 81. Kd3 Ne5+ 82. Kc2 Nc6 83. Rh4 Kc5 84. Rh5 Kd6 85. Kd3
Ne5+ 86. Ke3 Nc6 87. Kd3 Ne5+ 88. Ke3 Nc6 89. Rh6+ Kc5 90. Kf4 Kc4 91. Rd6 Kc5
92. Rd7 Be6 93. Rc7 Kd6 94. Rh7 Bd5 95. Ke3 Kc5 96. Rh5 Kd6 97. Rh8 Kc5 98. Rh4
Ne5 99. Rh5 Nc4+ 100. Kd3 Nd6 101. c4 Nxc4 102. Rxd5+ Kxd5 1/2-1/2

[Event "World Rapid Women 2025"]
[Site "Doha QAT"]
[Date "2025.12.28"]
[Round "10.64"]
[White "Zvereva, Marija"]
[Black "Yakubbaeva, Nilufar"]
[Result "0-1"]
[WhiteTitle "WIM"]
[BlackTitle "WGM"]
[WhiteElo "2007"]
[BlackElo "2229"]
[WhiteFideId "4121082"]
[BlackFideId "14204487"]
[EventDate "2025.12.26"]

1. f4 d5 2. Nf3 g6 3. g3 Bg7 4. Bg2 c5 5. O-O Nc6 6. d3 Nf6 7. Nc3 O-O 8. e4
dxe4 9. dxe4 Qxd1 10. Rxd1 e5 11. h3 exf4 12. gxf4 Nh5 13. Nd5 Be6 14. c3 Rad8
15. Be3 b6 16. Ng5 Bc8 17. e5 h6 18. Ne4 Be6 19. Nd6 Nb8 20. Ne7+ Kh7 21. Nb7
Rd7 22. Rxd7 Nxd7 23. Rd1 Re8 24. Nd5 Nf8 25. Nd6 Rd8 26. Kf2 f6 27. exf6 Nxf6
28. Nxf6+ Bxf6 29. Rd2 Bxa2 30. f5 Be7 31. Bf4 Bxd6 32. Rxd6 Rxd6 33. Bxd6 Nd7
34. Bc6 Nf6 35. Be5 Bd5 36. Bxd5 Nxd5 37. c4 Nb4 38. fxg6+ Kxg6 39. Ke2 Kf5 40.
Bb8 Nc6 41. Bc7 Ke4 42. Kd2 Ne5 43. b3 Nd7 44. Kc3 a6 45. b4 cxb4+ 46. Kxb4 Kd4
47. Bd8 h5 48. Be7 Nb8 49. Bf6+ Kd3 50. Bg7 Nc6+ 51. Kb3 Na5+ 52. Kb4 Nxc4 53.
Bf6 Ne3 54. Bd8 Nd5+ 55. Kb3 Kd4 56. Bh4 Kc5 57. Bf2+ Kb5 58. Bd4 a5 59. Be5 a4+
60. Ka3 Ne3 61. Bf6 Nc4+ 62. Ka2 Kb4 63. Bg7 b5 64. Bf8+ Kc3 65. Bg7+ Kc2 66.
Bf8 Nd2 67. Ka3 Nb1+ 68. Ka2 Nc3+ 69. Ka3 Nd5 70. Bd6 Kc3 71. Be5+ Kc4 72. Bd6
Ne3 73. Be5 Nc2+ 74. Ka2 b4 75. Kb2 Nd4 76. Bf6 a3+ 77. Ka2 Nc2 78. Kb1 b3 79.
Kc1 a2 80. h4 a1=Q+ 81. Bxa1 Nxa1 82. Kb2 Nc2 83. Kc1 Ne3 84. Kb2 Nf5 0-1

[Event "World Rapid Women 2025"]
[Site "Doha QAT"]
[Date "2025.12.28"]
[Round "10.65"]
[White "Nordahl, Christine"]
[Black "Berikkyzy Alanna"]
[Result "0-1"]
[BlackTitle "WFM"]
[WhiteElo "1835"]
[BlackElo "2241"]
[WhiteFideId "1557939"]
[BlackFideId "13780719"]
[EventDate "2025.12.26"]

1. d4 Nf6 2. c4 e6 3. Nc3 d5 4. Bg5 Bb4 5. cxd5 exd5 6. e3 h6 7. Bh4 O-O 8. Bd3
c6 9. a3 Bd6 10. Nf3 Re8 11. O-O Bg4 12. b4 a6 13. Rb1 Nbd7 14. a4 Qc7 15. Bg3
Ne4 16. Bxd6 Qxd6 17. Qc2 Qg6 18. Ne1 Qg5 19. Nxe4 dxe4 20. Bxe4 Rxe4 21. Qxe4
Bf5 22. Nf3 Bxe4 23. Nxg5 Bxb1 24. Rxb1 hxg5 25. f3 Kf8 26. b5 cxb5 27. axb5 a5
28. Kf2 Ke7 29. e4 Kd6 30. Rc1 a4 31. Ra1 Kc7 32. Ke3 Kb6 33. d5 a3 34. Kd4 Ra4+
35. Kc3 Kxb5 36. Rb1+ Ka6 37. Kb3 Nc5+ 38. Ka2 b5 39. Rc1 Kb6 40. Rc3 b4 41. Re3
b3+ 42. Kb1 a2+ 43. Ka1 b2+ 0-1